| 000 | 00479nam a2200193Ia 4500 | ||
|---|---|---|---|
| 005 | 20140402145422.0 | ||
| 008 | 140130s9999 xx 000 0 und d | ||
| 020 | _a0590433288 | ||
| 050 |
_aPZ 7 _b.B89 1951 |
||
| 100 |
_aBuff, Mary _931355 |
||
| 245 |
_cMary Buff. _aThe Apple and the Arrow / |
||
| 260 |
_bScholastic, _c1951. _aUSA : |
||
| 300 |
_a80 p. : _bill. ; _c21 cm. |
||
| 440 |
_v1 _931174 |
||
| 521 | _aG5 | ||
| 526 | _c750 | ||
| 942 |
_cBK _2lcc |
||
| 999 |
_c41095 _d41095 |
||